000 01881nam2a22002891 4500
001 RU\NLR\INFOCOMM17\1000422362
005 20250617112453.0
035 _a(NLR Aleph) 002572482
090 _a3202124
_c3202124
100 _a20040601d1991 |||y0rusy50 ca
101 0 _arus
102 _aRU
105 _ay |||||||||
200 1 _aМетоды контроля пространственно распределенных статических магнитных полей
_fА.Н. Павлов, В.Г. Тугарин
210 _d1991
_aБ. м.
225 1 _a...
_vВып.1623
_i...
_v1991, Вып.3
461 0 _1001RU\NLR\INFOCOMM55\1000056712
_12001#$aОбзоры по электронной технике$fМ-во электронной пром-сти СССР. Ин-т "Электроника"$vВып.1623
_93197280
_cМ.
_d1968-
_fМ-во электронной пром-сти СССР. Ин-т "Электроника"
_tОбзоры по электронной технике
_vВып.1623
462 0 _1001RU\NLR\INFOCOMM17\1000422312
_12001#$aОбзоры по электронной технике$iСерия: Управление качеством и стандартизация$fМ-во электронной пром-сти СССР. Ин-т "Электроника"$v1991, Вып.3
_93201696
_cМ.
_d1970-
_fМ-во электронной пром-сти СССР. Ин-т "Электроника"
_iСерия: Управление качеством и стандартизация
_tОбзоры по электронной технике. - Обзоры по электронной технике
_v1991, Вып.3
700 1 _aПавлов
_bА.Н.
_4070
701 1 _aТугарин
_bВ.Г.
_4070
801 1 _aRU
_bInfoComm
_c20040601
801 0 _aRU
_bNLR
_gPSBO
852 _aNLR
_jП51/94
942 _cISSUE
980 _aNB
980 _aRUSPER